000 00774pam a2200241 a 4500
001 2976693
005 20250222141355.0
008 920414s1993 moua b 001 0 eng c
020 _a9781556643958
050 0 0 _aRG578
_b.O27 1993
082 0 0 _a618.3/2
_220
245 0 0 _aObstetric and perinatal infections /
_c[edited by] David Charles.
260 _aSt. Louis :
_bMosby-Year Book,
_cc1993.
300 _axvi, 365 p. :
_bill. ;
_c28 cm.
440 0 _aHandbook of infectious diseases
650 0 _aCommunicable diseases in pregnancy.
650 0 _aCommunicable diseases in the fetus.
650 0 _aNeonatal infections.
650 2 _aInfection
_xcongenital.
650 2 _aPregnancy Complications, Infectious.
700 1 _aCharles, David,
_d1924-
942 _2lcc
_cBK
_n0
999 _c4134
_d4134